000 00548nam a2200169Ia 4500
008 090201s9999 xx 000 0 und d
010 _aKPL-57456
040 _bमराठी
041 _aमराठी
082 _a10222
_b57456
100 _aसुमति क्षेत्रमाडे
245 _aपांचाली
_cसुमति क्षेत्रमाडे
260 _c2004
_bनवचैतन्य प्रकाशन
300 _a142
_bमोठा
600 _aपांचाली
942 _cBOOK
999 _c210691
_d210691